| 000 | 00379nam a2200145Ia 4500 | ||
|---|---|---|---|
| 008 | 230917s9999||||xx |||||||||||||| ||und|| | ||
| 040 |
_e68048 _aMAIN |
||
| 041 | _aEnglish | ||
| 082 | _a330.156 R646W | ||
| 100 | _aRoll, Eric | ||
| 245 | 0 | _aWorld after Keynes: An examinations of the economic order | |
| 260 |
_aLondon _bPall Mall _c1968 |
||
| 300 | _axiii, 193 p. | ||
| 942 | _cBK | ||
| 999 |
_c43346 _d43346 |
||